[Event "Leiden SB-ch"]
[Site "Leiden"]
[Date "2011.06.28"]
[Round "7"]
[White "De Wit, Jerome"]
[Black "Landsheer, Jos"]
[Result "1/2-1/2"]
[WhiteElo "1712"]
[BlackElo "1670"]
[PlyCount "70"]
[EventDate "2011.05.17"]
[EventType "swiss"]
[EventRounds "7"]
[EventCountry "NED"]
[SourceTitle "EXT 2012"]
[Source "ChessBase"]
[SourceDate "2011.11.24"]
[SourceVersion "1"]
[SourceVersionDate "2011.11.24"]
[SourceQuality "1"]

1. d4 Nf6 2. Nf3 g6 3. Bf4 Bg7 4. e3 0-0 5. Be2 b6 6. 0-0 Bb7 7. h3 c5 8. c3 Nd5 9. Bg3 d6 10. Nbd2 f5 11. Bc4 Kh8 12. Ng5 Nc7 13. dxc5 dxc5 14. Bxc7 Qxc7 15. Ne6 Qc6 16. Nf3 Re8 17. Nxg7 Kxg7 18. Qe2 Rd8 19. Bb5 Qc7 20. Ng5 Qe5 21. Bc4 Bd5 22. Rad1 e6 23. Nf3 Qe4 24. Bd3 Qa4 25. b3 Bxf3 26. Qxf3 Qc6 27. Qe2 Nd7 28. e4 Ne5 29. Bc2 f4 30. Rd2 f3 31. Qe3 Rxd2 32. Qxd2 fxg2 33. Kxg2 Nf7 34. Qf4 e5 35. Qe3 Rd8 1/2-1/2

[Event "Leiden SB-ch"]
[Site "Leiden"]
[Date "2011.06.01"]
[Round "3"]
[White "De Wit, Jerome"]
[Black "Bingen, Stanley"]
[Result "1-0"]
[WhiteElo "1712"]
[BlackElo "1261"]
[PlyCount "111"]
[EventDate "2011.05.17"]
[EventType "swiss"]
[EventRounds "7"]
[EventCountry "NED"]
[SourceTitle "EXT 2012"]
[Source "ChessBase"]
[SourceDate "2011.11.24"]
[SourceVersion "1"]
[SourceVersionDate "2011.11.24"]
[SourceQuality "1"]

1. d4 d5 2. Nf3 Nf6 3. Bf4 e6 4. e3 Be7 5. Nbd2 c5 6. c3 Nbd7 7. Bd3 cxd4 8. exd4 0-0 9. h4 Nh5 10. Be3 f5 11. Bg5 h6 12. Bxe7 Qxe7 13. Ne5 Nxe5 14. dxe5 Nf4 15. Bf1 Qc7 16. Nf3 Ng6 17. Qe2 Bd7 18. h5 Ne7 19. Nd4 a6 20. f4 Rad8 21. g4 Qc8 22. Rg1 Kh7 23. 0-0-0 b5 24. Kb1 Qb7 25. Qg2 Rg8 26. Bd3 Kh8 27. gxf5 Nxf5 28. Nxf5 exf5 29. Qg6 Rdf8 30. Rde1 Be8 31. Qd6 Bxh5 32. e6 Rf6 33. Re5 Re8 34. Rge1 Qa8 35. Qd7 Rd8 36. Qc7 Re8 37. Qd7 Rg8 38. e7 Be8 39. Qxd5 Qxd5 40. Rxd5 g6 41. Rd8 Rf7 42. c4 Rfg7 43. cxb5 axb5 44. Bc2 Rf7 45. Bb3 Kg7 46. Bxf7 Kxf7 47. Kc2 h5 48. b3 h4 49. Kc3 h3 50. a4 h2 51. a5 Rh8 52. Rh1 Kxe7 53. Rd2 Bc6 54. Rhxh2 Rc8 55. Kb4 Ke8 56. Rh8+ 1-0